00357nam a2200145Ia 4500008004100000020001800041082001700059100001800076245003100094250000800125260002500133300001100158500002600169650001600195230524s9999 xx 000 0 und d a9788120333567 a621.382bAUM aA.Anand Kumar 0aPulse and Digital Circuits a1ST aNEW DELHIbPHIc2005 aIX;467 aQuantity Number: 152 aElectronics